01593cam a22003015a 45000010009000000050017000090080041000260200025000670200018000920400028001100500021001380820019001591000022001782400030002002450050002302600038002803000053003185000244003715200382006156500031009976500041010286510010010696530021010796550024011009420008011249990017011329520142011491768927320150615093742.0130408r20131986nyua 000 0 eng  a9780486491066 (pbk.) a0486491064 () aDLCbengcDLCdEG-ScBUE00aNC730b.J23 201304a741.2222bJAC1 aJacobs, Ted Seth.10aDrawing with an open mind10aDrawing what the eye sees /cTed Seth Jacobs. aMieola, New York :bDover,c2013. a127 pages :billustrations (some color) ;c28 cm a"This Dover edition, first published in 2013, is an unabridged republication of the work originally published by Watson-Guptill Publications, New York, in 1986 under the title Drawing with an Open Mind: Reflections from a Drawing Teacher." a" Heralded as a revolutionary right-brain approach to figure drawing, this guide focuses on mentality rather than technique. The author presents personal reflections and advice on drawing what the eye sees instead of what the mind dictates. More than 180 black-and-white drawings and eight pages of color illustrations reinforce such concepts as light, balance, and symmetry"-- 0aDrawingxTechnique.2BUEsh 7aART / Techniques / Drawing.2bisacsh 2BUEsh bCOMAMEcJune2015 vreading book934232 2ddc c19644d19616 00102ddc40708AlahramaMAINbMAINc2NDd2015-06-15epurchaseg176.00l5m40o741.2 JACp000038749r2025-08-20 00:00:00s2022-10-26yBB